Particle accelerators ; a brief history /

Bibliographic Details
Main Author: Livingston, M. Stanley (Milton Stanley)
Format: Book
Language:English
Published: Cambridge, Mass. : Harvard University Press, 1969.
Subjects:

MARC

Tag First Indicator Second Indicator Subfields
LEADER 00000cam a2200000 4500
001 in00000307187
005 20151010143629.0
008 690626s1969 maua b 00110 eng d
010 |a  69018038  
035 |a (OCoLC)00012905 
035 |9 ABH5607AM 
040 |a DLC  |c DLC  |d TXA  |d UtOrBLW 
049 |a TXAM  |c [801021] 
050 0 0 |a QC786  |b .L499 
082 0 |a 539.7/3 
100 1 |a Livingston, M. Stanley  |q (Milton Stanley) 
245 1 0 |a Particle accelerators ;  |b a brief history /  |c [by] M. Stanley Livingston. 
264 1 |a Cambridge, Mass. :  |b Harvard University Press,  |c 1969. 
300 |a iv, 122 pages :  |b illustrations ;  |c 22 cm. 
336 |a text  |b txt  |2 rdacontent 
337 |a unmediated  |b n  |2 rdamedia 
338 |a volume  |b nc  |2 rdacarrier 
504 |a Includes bibliographical references. 
650 0 |a Particle accelerators. 
999 |a MARS 
999 f f |s bbd0d50b-849f-36d3-90a1-6c39d72c043a  |i b7bb2370-fb49-3aad-8082-cc5cba06ead9  |t 0 
952 f f |p normal  |a Texas A&M University  |b College Station  |c Sterling C. Evans Library  |d Evans: Library Stacks  |t 0  |e QC786 .L499  |h Library of Congress classification  |i unmediated -- volume  |m A14804649463 
998 f f |a QC786 .L499  |t 0  |l Evans: Library Stacks